Hierarchy theory : the challenge of complex systems
Αποθηκεύτηκε σε:
| Άλλοι συγγραφείς: | |
|---|---|
| Μορφή: | Βιβλίο |
| Γλώσσα: | English |
| Δημοσίευση: |
New York :
George Braziller,
c1973
|
| Σειρά: | The International library of systems theory and philosophy
|
| Θέματα: | |
| Ετικέτες: |
Προσθήκη ετικέτας
Δεν υπάρχουν, Καταχωρήστε ετικέτα πρώτοι!
|
MARC
| LEADER | 00000cam a2200000 i 4500 | ||
|---|---|---|---|
| 001 | 1/61799 | ||
| 008 | 020410s1973 eng d | ||
| 020 | |a 0-8076-0674-X (cloth) | ||
| 020 | |a 0-8076-0673-1 (paper) | ||
| 035 | |l 10000922 | ||
| 040 | |a GR-MY-UA |b gre |e aacr | ||
| 041 | 0 | |a eng | |
| 082 | 0 | |a 003.7 |2 (21) | |
| 245 | 1 | 0 | |a Hierarchy theory : |b the challenge of complex systems / |c edited by Howard H. Pattee |
| 260 | |a New York : |b George Braziller, |c c1973 | ||
| 300 | |a xv, 156 σ.; |b εικ.; |c 22 εκ. | ||
| 490 | 1 | |a The International Library of Systems Theory and Philosophy | |
| 504 | |a Περιέχει βιβλιογραφικές παραπομπές | ||
| 505 | 0 | |a Από τα περιεχόμενα: The organization of complex systems / Herbert A. Simon - Hierarchical order and neogenesis / Clifford Grobstein - Hierarchical control programs in biological development / James Bonner - The limits of complexity / Richard Levins | |
| 650 | 0 | 0 | |a Biological control systems. |
| 650 | 0 | 0 | |a Hierarchies. |
| 700 | 1 | |a Pattee, H. H. |q (Howard Hunt), |d 1926- |4 edt | |
| 830 | 0 | |a The International library of systems theory and philosophy | |
| 852 | |a INST |b SYROS |e 20020410 |h 003.7 HIE |p 005500000515 |q 005500000515 |t BK |y 0 | ||
| 901 | |a BIBL5-2002-1 | ||
| 909 | |a Ε |b 088953 | ||
| 970 | |a ΚΟΝΤΟΥ |b ΠΑΡΑΣΚΕΥΗ |z 2002/04/10 | ||